000
00340nam a2200157Ia 4500
100
_a
Bryon/Mike
650
_a
Psychology
942
_c
BK
366
_f
20
245
_a
How to pass graduate Psychometrics tests
260
_b
Kogan Page
_c
2013
082
_a
650.076
_b
BRY
300
_a
247
546
_a
ENGLISH
_c
Computers
999
_c
31424
_d
31424